000 00348nam a2200145Ia 4500
008 220923s9999 xx 000 0 und d
020 _a978-81-8038-919-1
082 _bAGN
100 _aAGNIHOTRI, ANUBHUTI
245 0 _aINDIAN LEGAL THEORY
260 _bLEXIS NEXIS, GURGAON
_c2013
300 _a127
650 _aLegal Studies
942 _cBK
999 _c195152
_d195152